Pilotes MotoGP passés par - Sélection de tuiles - Statistiques

Statistiques générales
  • Ce quiz a été pris 17 fois
  • Le résultat moyen est 57 sur 84
Statistiques - réponses
Question Tuile Select % Correct
LCR Honda Eugene Laverty Non
100%
Yamaha Factory Fabio Quartararo Oui
100%
Yamaha Factory Francesco Bagnaia Non
100%
LCR Honda Johann Zarco Oui
100%
LCR Honda Ai Ogura Non
94%
Yamaha Factory Kenny Roberts Jr Non
94%
Yamaha Factory Nicky Hayden Non
94%
Yamaha Factory Alex Rins Oui
88%
LCR Honda Dani Pedrosa Non
88%
Aprilia Factory Darryn Binder Non
88%
Aprilia Factory Fabio Quartararo Non
88%
KTM Factory Hafizh Syahrin Non
88%
Aprilia Factory Joan Mir Non
88%
LCR Honda Somkiat Chantra Oui
88%
LCR Honda Valentino Rossi Non
88%
LCR Honda Xavier Simeon Non
88%
Aprilia Factory Ai Ogura Non
81%
KTM Factory Brad Binder Oui
81%
KTM Factory Hervé Poncharal Non
81%
Yamaha Factory Johann Zarco Non
81%
KTM Factory Jonas Folger Non
81%
Aprilia Factory Jorge Martin Oui
81%
Ducati Factory Racing Jorge Martin Non
81%
Ducati Factory Racing Marc Marquez Oui
81%
Yamaha Factory Maverick Viñales Oui
81%
LCR Honda Mick Doohan Non
81%
Yamaha Factory Miguel Oliveira Non
81%
Aprilia Factory Miguel Oliveira Non
81%
KTM Factory Pedro Acosta Oui
81%
LCR Honda Takaaki Nakagami Oui
81%
Yamaha Factory Valentino Rossi Oui
81%
Ducati Factory Racing Fabio Di Giannantonio Non
75%
Ducati Factory Racing Fermin Aldeguer Non
75%
Ducati Factory Racing Francesco Bagnaia Oui
75%
Ducati Factory Racing Franco Morbidelli Non
75%
KTM Factory Iker Lecuona Non
75%
Suzuki Team John Surtees Non
75%
Aprilia Factory Pol Espargaro Non
75%
KTM Factory Pol Espargaro Oui
75%
Aprilia Factory Raul Fernandez Non
75%
KTM Factory Remy Gardner Non
75%
Suzuki Team Toprak Razgatlioglu Non
75%
Aprilia Factory Aleix Espargaro Oui
69%
Suzuki Team Alex Rins Oui
69%
Ducati Factory Racing Andrea Dovizioso Oui
69%
Yamaha Factory Jorge Lorenzo Oui
69%
Aprilia Factory Marco Bezzecchi Oui
69%
KTM Factory Miguel Oliveira Oui
69%
Suzuki Team Tom Luthi Non
69%
Suzuki Team Vincent Philippe Non
69%
LCR Honda Cal Crutchlow Oui
63%
Ducati Factory Racing Casey Stoner Oui
63%
KTM Factory Jack Miller Oui
63%
Suzuki Team Joan Mir Oui
63%
Ducati Factory Racing Jorge Lorenzo Oui
63%
Aprilia Factory Lorenzo Savadori Oui
63%
Ducati Factory Racing Andrea Iannone Oui
56%
Ducati Factory Racing Danilo Petrucci Oui
56%
KTM Factory Dani Pedrosa Oui
56%
KTM Factory Enea Bastianini Non
56%
Ducati Factory Racing Jack Miller Oui
56%
Suzuki Team Kevin Schwantz Oui
56%
LCR Honda Lucio Cecchinello Non
56%
Aprilia Factory Maverick Viñales Oui
56%
Ducati Factory Racing Michele Pirro Oui
56%
Yamaha Factory Ben Spies Oui
50%
KTM Factory Bradley Smith Oui
50%
KTM Factory Johann Zarco Oui
50%
LCR Honda Randy de Puniet Oui
50%
Suzuki Team Aleix Esparagro Oui
44%
Suzuki Team Alvaro Bautista Oui
44%
Suzuki Team Kenny Roberts Jr Oui
44%
KTM Factory Mika Kallio Oui
44%
Suzuki Team Sylvain Guintoli Oui
44%
Suzuki Team Barry Sheene Oui
38%
LCR Honda Casey Stoner Oui
38%
Ducati Factory Racing Loris Capirossi Oui
38%
Ducati Factory Racing Troy Bayliss Oui
38%
Suzuki Team John Hopkins Oui
31%
LCR Honda Jack Miller Oui
25%
Yamaha Factory Max Biaggi Oui
25%
Suzuki Team Nobuatsu Aoki Oui
25%
LCR Honda Toni Elias Oui
25%
Suzuki Team Franco Uncini Oui
13%
Aucun quiz correspondant
Distribution des résultats
% des personnes avec chaque résultat
Percentile par nombre de réponses
Votre historique - résultats
Vous n’avez pas pris ce quiz